<?xml version="1.0" encoding="UTF-8"?>
<record
    xmlns:xsi="http://www.w3.org/2001/XMLSchema-instance"
    xsi:schemaLocation="http://www.loc.gov/MARC21/slim http://www.loc.gov/standards/marcxml/schema/MARC21slim.xsd"
    xmlns="http://www.loc.gov/MARC21/slim">

  <leader>01503nam a2200289Ia 4500</leader>
  <controlfield tag="001">5275576</controlfield>
  <controlfield tag="003">FDSGFB</controlfield>
  <controlfield tag="005">20220326193246.0</controlfield>
  <controlfield tag="008">040907s2004    ne a     b    000 0 eng d</controlfield>
  <datafield tag="010" ind1=" " ind2=" ">
    <subfield code="a">  2004450012</subfield>
  </datafield>
  <datafield tag="020" ind1=" " ind2=" ">
    <subfield code="a">9056623680</subfield>
  </datafield>
  <datafield tag="035" ind1=" " ind2=" ">
    <subfield code="a">(OCoLC)ocm56428571</subfield>
  </datafield>
  <datafield tag="040" ind1=" " ind2=" ">
    <subfield code="a">IQU</subfield>
    <subfield code="c">IQU</subfield>
    <subfield code="d">DLC</subfield>
  </datafield>
  <datafield tag="041" ind1="0" ind2=" ">
    <subfield code="a">eng</subfield>
    <subfield code="a">fre</subfield>
    <subfield code="a">spa</subfield>
  </datafield>
  <datafield tag="049" ind1=" " ind2=" ">
    <subfield code="a">ZCUA</subfield>
  </datafield>
  <datafield tag="082" ind1=" " ind2=" ">
    <subfield code="a">701.03</subfield>
    <subfield code="b">R154s</subfield>
  </datafield>
  <datafield tag="090" ind1=" " ind2=" ">
    <subfield code="a">N72.S6</subfield>
    <subfield code="b">S42 2004</subfield>
  </datafield>
  <datafield tag="245" ind1="0" ind2="0">
    <subfield code="a">Shifting map :</subfield>
    <subfield code="b">artists' platforms and strategies for cultural diversity = plataformas de artistas y estrategias para la diversidad cultural = plateformes d'artistes et strat&#xE9;gies pour la diversit&#xE9; culturelle /</subfield>
    <subfield code="c">RAIN Artists' Initiatives Network.</subfield>
  </datafield>
  <datafield tag="260" ind1=" " ind2=" ">
    <subfield code="a">Amsterdam :</subfield>
    <subfield code="b">Rijksakademie van Beeldende Kunsten ;</subfield>
    <subfield code="a">Rotterdam :</subfield>
    <subfield code="b">NAi Publishers,</subfield>
    <subfield code="c">c2004.</subfield>
  </datafield>
  <datafield tag="300" ind1=" " ind2=" ">
    <subfield code="a">231 p. :</subfield>
    <subfield code="b">ill. (chiefly col.) ;</subfield>
    <subfield code="c">25 cm.</subfield>
  </datafield>
  <datafield tag="505" ind1="0" ind2=" ">
    <subfield code="a">Introduction / Gertrude Flentge -- Art and organizations / Reinaldo Laddaga -- In the belly of the monster / Charles Esche -- Contributions from the artists' platforms. Rijksakademie, the Netherlands. Pulse, South Africa. Centre Soleil d'Afrique, Mali. Trama, Argentina. CEIA, Brazil. Open Circle, India. El despacho, Mexico. Ruangrupa, Indonesia.</subfield>
  </datafield>
  <datafield tag="650" ind1=" " ind2="0">
    <subfield code="a">Art and society.</subfield>
    <subfield code="9">200</subfield>
  </datafield>
  <datafield tag="650" ind1=" " ind2="0">
    <subfield code="a">Art</subfield>
    <subfield code="x">Political aspects.</subfield>
    <subfield code="9">201</subfield>
  </datafield>
  <datafield tag="650" ind1=" " ind2="0">
    <subfield code="a">Multiculturalism.</subfield>
    <subfield code="x">Arte y Sociedad</subfield>
    <subfield code="x">Arte y Globalizaci&#xF3;n</subfield>
    <subfield code="x">Proyectos de Arte</subfield>
    <subfield code="9">202</subfield>
  </datafield>
  <datafield tag="710" ind1="2" ind2=" ">
    <subfield code="a">RAIN Artists' Initiatives Network.</subfield>
    <subfield code="9">203</subfield>
  </datafield>
  <datafield tag="710" ind1="2" ind2=" ">
    <subfield code="a">Rijksakademie van Beeldende Kunsten (Netherlands)</subfield>
    <subfield code="9">204</subfield>
  </datafield>
  <datafield tag="999" ind1=" " ind2=" ">
    <subfield code="c">31</subfield>
    <subfield code="d">31</subfield>
  </datafield>
  <datafield tag="952" ind1=" " ind2=" ">
    <subfield code="0">0</subfield>
    <subfield code="1">0</subfield>
    <subfield code="2">ddc</subfield>
    <subfield code="4">0</subfield>
    <subfield code="7">0</subfield>
    <subfield code="a">LV</subfield>
    <subfield code="b">LV</subfield>
    <subfield code="c">Pensamiento</subfield>
    <subfield code="d">2014-03-29</subfield>
    <subfield code="l">0</subfield>
    <subfield code="o">701.03 R154s</subfield>
    <subfield code="p">000052</subfield>
    <subfield code="r">2014-03-29 00:00:00</subfield>
    <subfield code="w">2014-03-29</subfield>
    <subfield code="y">01</subfield>
  </datafield>
</record>
